<?xml version="1.0" encoding="UTF-8"?><?xml-stylesheet type="text/xsl" href="static/style.xsl"?><OAI-PMH xmlns="http://www.openarchives.org/OAI/2.0/" xmlns:xsi="http://www.w3.org/2001/XMLSchema-instance" xsi:schemaLocation="http://www.openarchives.org/OAI/2.0/ http://www.openarchives.org/OAI/2.0/OAI-PMH.xsd"><responseDate>2026-06-03T00:39:25Z</responseDate><request verb="GetRecord" identifier="oai:riuma.uma.es:10630/9868" metadataPrefix="marc">https://riuma.uma.es/rest/oai/request</request><GetRecord><record><header><identifier>oai:riuma.uma.es:10630/9868</identifier><datestamp>2026-02-03T12:11:37Z</datestamp><setSpec>com_10630_2254</setSpec><setSpec>col_10630_37959</setSpec></header><metadata><record xmlns="http://www.loc.gov/MARC21/slim" xmlns:dcterms="http://purl.org/dc/terms/" xmlns:doc="http://www.lyncode.com/xoai" xmlns:xsi="http://www.w3.org/2001/XMLSchema-instance" xsi:schemaLocation="http://www.loc.gov/MARC21/slim http://www.loc.gov/standards/marcxml/schema/MARC21slim.xsd">
   <leader>00925njm 22002777a 4500</leader>
   <datafield ind2=" " ind1=" " tag="042">
      <subfield code="a">dc</subfield>
   </datafield>
   <datafield ind2=" " ind1=" " tag="720">
      <subfield code="a">Romero, Luis F.</subfield>
      <subfield code="e">author</subfield>
   </datafield>
   <datafield ind2=" " ind1=" " tag="720">
      <subfield code="a">Tabik, Siham</subfield>
      <subfield code="e">author</subfield>
   </datafield>
   <datafield ind2=" " ind1=" " tag="720">
      <subfield code="a">Cervilla, Antonio R.</subfield>
      <subfield code="e">author</subfield>
   </datafield>
   <datafield ind2=" " ind1=" " tag="260">
      <subfield code="c">2015-06-05</subfield>
   </datafield>
   <datafield ind2=" " ind1=" " tag="520">
      <subfield code="a">The selection of the minimal number of observers that ensures the maximum visual coverage&#xd;
over an area represented by a digital elevation model (DEM) have great interest in many&#xd;
 elds, e.g., telecommunications, environment planning, among others. However, this problem&#xd;
is complex and intractable when the number of points of the DEM is relatively high. This&#xd;
complexity is due to three issues: 1) the di culty in determining the visibility of the terrain&#xd;
from one point, 2) the need to know the visibility at all points of the terrain and 3) the&#xd;
combinatorial complexity of the selection of observers.&#xd;
The recent progress in total-viewshed maps computation not only provides an e cient solu-&#xd;
tion to the  rst two problems, but also opens other ways to new solutions that were unthinkable&#xd;
previously. This paper presents a new type of cartography, called the masked total viewshed&#xd;
map, and provides optimal solutions for both sequential and simultaneous observers location.</subfield>
   </datafield>
   <datafield ind1="8" ind2=" " tag="024">
      <subfield code="a">DOI:10.1016/j.procs.2015.05.255</subfield>
   </datafield>
   <datafield ind1="8" ind2=" " tag="024">
      <subfield code="a">http://hdl.handle.net/10630/9868</subfield>
   </datafield>
   <datafield ind1="8" ind2=" " tag="024">
      <subfield code="a">http://orcid.org/0000-0003-2959-2030</subfield>
   </datafield>
   <datafield ind2="0" ind1="0" tag="245">
      <subfield code="a">Siting Multiple Observers for Maximum Coverage: An Accurate Approach</subfield>
   </datafield>
</record>
</metadata></record></GetRecord></OAI-PMH>